LEADER 00857nam0-22002891i-450- 001 990005599930403321 005 20060410163303.0 035 $a000559993 035 $aFED01000559993 035 $a(Aleph)000559993FED01 035 $a000559993 100 $a19990604d1961----km-y0itay50------ba 101 0 $aita 105 $af-------00--- 200 1 $a<>finestre a sporto nella architettura alpina$fMario Cereghini 210 $aMilano$cEd. Del Milione$d(stampa 1961) 215 $a79 p., 201 tav.$d24 cm 225 1 $a<>Dittamondo$v5 676 $a721.823$v21$zita 700 1$aCereghini,$bMario$03157 801 0$aIT$bUNINA$gRICA$2UNIMARC 901 $aBK 912 $a990005599930403321 952 $a721.823 CER 1$bST. ARTE 5757$fFLFBC 959 $aFLFBC 996 $aFinestre a sporto nella architettura alpina$9609223 997 $aUNINA